000 01187cam a2200133 4500500
005 20260329023201.0
041 _afre
042 _adc
100 1 0 _aBrun, Patrice
_eauthor
245 0 0 _aCinquante dates historiques de la Grèce antique
260 _bArmand Colin,
_c2023.
520 _aCet ouvrage, qui couvre toute l'Antiquité, de la fin de Mycènes à la chute de l'Empire romain, permet à travers près de 500 dates importantes, de comprendre deux civilisations exceptionnelles, grecque et romaine, en donnant un sens logique et chronologique aux événements qui ont modelé le monde antique sur deux millénaires. L'ouvrage met tout particulièrement en lumière les rapports intercivilisationnels commerciaux et culturels (ainsi l'apparition de l'alphabet venu de Phénicie qui aboutissent, d'abord par l'expédition d'Alexandre puis par la conquête romaine, à la naissance d'un monde unifié par l'Empire). Outil de travail autant que vadémécum pour quiconque souhaite rafraîchir ses connaissances de la période ou la découvrir.
856 4 1 _uhttps://shs.cairn.info/50-dates-historiques-de-la-grece-antique--9782200629977?lang=fr&redirect-ssocas=7080
999 _c1925316
_d1925316